Normal view
MARC view
Entry Personal Name
001 - CONTROL NUMBER
- control field: 945565
003 - CONTROL NUMBER IDENTIFIER
- control field: OSt
005 - DATE AND TIME OF LATEST TRANSACTION
- control field: 20260121110404.0
008 - FIXED-LENGTH DATA ELEMENTS
- fixed length control field: 260121|| aca||aabn | a|a d
040 ## - CATALOGING SOURCE
- Original cataloging agency: OSt
- Transcribing agency: OSt
100 ## - HEADING--PERSONAL NAME
- Personal name: रोहन कुमार / Rohan Kumar
670 ## - SOURCE DATA FOUND
- Source citation: Work cat.: (OSt)1537229: रोहन कुमार / Rohan Kumar, जीवन और कार्य के लिए व्यक्तिगत विकास / Jeevan Aur Karye Ke Liye Vyaktigat Vikas, 2022
